Scholastic art

Detalles Bibliográficos
Formato: Electrónico Revista
Lenguaje:inglés
Publicado: New York, N.Y. : Scholastic Inc.
Materias:
Acceso en línea:Full text available from Research Library: 02/01/1998 to 04/30/2015

MARC

LEADER 00000nas a22000007a 4500
001 ssj0012687
003 WaSeSS
005 20200512172242.0
006 m d
007 cr n
008 011209c19uu9999nyubr pss 0 a0eng c
010 |a  2006213847 
022 |a 1930-5656  |l 1060-832X  |y 1060-832X 
035 |a (WaSeSS)ssj0012687 
037 |b Scholastic Inc., P.O. Box 3710, Jefferson City, MO 65101 
040 |a HNK  |b eng  |c HNK  |d OCLCQ  |d NSD  |d LGG  |d OCLCQ  |d SERSO  |d OCLCQ  |d OCLCF  |d OCLCO  |d OCLCQ  |d OCLCA  |d WaSeSS 
042 |a nsdp  |a pcc 
050 1 4 |a N1  |b .A3845 
082 1 0 |a 705  |2 13 
130 0 |a Scholastic art (Online) 
222 0 |a Scholastic art  |b (Online) 
245 1 0 |a Scholastic art  |h [electronic resource]. 
260 |a New York, N.Y. :  |b Scholastic Inc. 
310 |a Six times during the school year 
362 1 |a Coverage as of Oct. 6, 2001: vol. 28, iss. 4 (Feb. 1998)- 
506 |a License restrictions may limit access. 
538 |a Mode of access: World Wide Web. 
588 |a Description based on: Vol. 28, iss. 4 (Feb. 1998); title from title information screen (viewed Oct. 6, 2001). 
588 |a Latest issue consulted: V. 36, iss. 5 (Mar. 2006) (viewed Mar. 2006). 
650 0 |a Art  |v Periodicals. 
650 7 |a Art.  |2 fast  |0 (OCoLC)fst00815177 
655 0 |a Electronic journals. 
776 1 |t Scholastic art  |x 1060-832X  |w (DLC) 92660602  |w (OCoLC)25113273 
856 4 0 |z Full text available from Research Library: 02/01/1998 to 04/30/2015  |u https://search.proquest.com/publication/6022